History Quiz

Random History or Famous Quiz

Born on This Day (October) Quiz Stats

 Plays Quiz Updated Jan 22, 2016

Challenge
Share
Tweet
Embed
Score 0/31 Timer 08:00
1 Play Today
Date Name % Correct
October 28Bill Gates
84.7%
October 26Hillary Clinton
81.6%
October 13Margaret Thatcher
80.5%
October 1Bonnie Parker
78.4%
October 5Kate Winslet
78.4%
October 23Pelé
75.8%
October 14Dwight D. Eisenhower
74.6%
October 4Charlton Heston
73.3%
October 18Lee Harvey Oswald
72.5%
October 3Gwen Stefani
69.6%
October 2Mohandas Gandhi
69.4%
October 21Carrie Fisher
67.3%
October 25Pablo Picasso
64.5%
October 31Peter Jackson
56.3%
October 22Jeff Goldblum
55.6%
October 17Evel Knievel
52.8%
Date Name % Correct
October 8R.L. Stine
50.6%
October 27James Cook
48.9%
October 12Luciano Pavarotti
46.8%
October 16Oscar Wilde
41.8%
October 30Fyodor Dostoyevsky
38.7%
October 7Heinrich Himmler
37%
October 10Giuseppe Verdi
33.9%
October 20Christopher Wren
29.6%
October 19Philip Pullman
22.5%
October 9Alfred Dreyfus
21.8%
October 11Bobby Charlton
20.5%
October 29Dan Castellaneta
20%
October 15Friedrich Nietzsche
19.8%
October 24Kray twins
17.2%
October 6Louis Philippe I
9%

You're not logged in!

Compare scores with friends on all Sporcle quizzes.
Join for Free
OR
Log In

You Might Also Like...

Show Comments

Extras

Top Quizzes Today


Score Distribution

Your Account Isn't Verified!

In order to create a playlist on Sporcle, you need to verify the email address you used during registration. Go to your Sporcle Settings to finish the process.

Report this User

Report this user for behavior that violates our Community Guidelines.

Details: